Statistics for Forza Cover Car Quiz

Click here to take the quiz!

General Stats

  • This quiz has been taken 189 times
  • The average score is 6 of 11

Answer Stats

GameAnswer% Correct
Forza Horizon 4McLaren Senna
86%
Forza Horizon 2Lamborghini Huracan
74%
Forza Motorsport 6Ford GT
70%
Forza HorizonSRT Viper
70%
Forza Motorsport 5McLaren P1
56%
Forza Motorsport 4Ferrari 458 Italia
50%
Forza Motorsport 7Porsche 911 GT2 RS
48%
Forza Motorsport 3Audi R8
39%
Forza Motorsport 2Nissan 350z or Austin Martin DBS
37%
Forza Motorsport 1Acura NSX
16%
Forza Horizon 3Lamborghini Centinario
12%

Score Distribution

Percentile by Number Answered

Percent of People with Each Score

Your Score History

You have not taken this quiz